000 00544nam a2200205Ia 4500
003 OSt
005 20221006152430.0
006 a|||||r|||| 00| 0
007 ta
008 221006b |||||||| |||| 00| 0 eng d
024 _a27,464
037 _cBound Volumes
040 _aEASL
_cEASL
_beng
041 _2eng
_aeng
245 0 _aNews Review on China, Mangolia & the Koreas
260 _aNew Delhi
_bInstitute of Defence Studies Analyses India
_c0000
300 _ap.
_ccm.
942 _cCR
_2CC
999 _c1095550
_d1095550